Chinas Rise as a supercomputing Power (Record no. 524299)
[ view plain ]
| 000 -LEADER | |
|---|---|
| fixed length control field | 00360nam a22001457a 4500 |
| 020 ## - INTERNATIONAL STANDARD BOOK NUMBER | |
| International Standard Book Number | 978750854003 |
| 040 ## - CATALOGING SOURCE | |
| Transcribing agency | NUST |
| 082 ## - DEWEY DECIMAL CLASSIFICATION NUMBER | |
| Classification number | 951 |
| Author Mark | SHE |
| 100 ## - MAIN ENTRY--PERSONAL NAME | |
| Personal name | Shenghui Gong |
| 9 (RLIN) | 15119 |
| 245 ## - TITLE STATEMENT | |
| Title | Chinas Rise as a supercomputing Power |
| 260 ## - PUBLICATION, DISTRIBUTION, ETC. | |
| Name of publisher, distributor, etc. | Beijing : |
| Date of publication, distribution, etc. | China Intercontinental press |
| Place of publication, distribution, etc. | 2017. |
| 300 ## - PHYSICAL DESCRIPTION | |
| Extent | ill,420,p: |
| 500 ## - GENERAL NOTE | |
| General note | P.B |
| 942 ## - ADDED ENTRY ELEMENTS (KOHA) | |
| Source of classification or shelving scheme | |
| Koha item type | Book |
| Withdrawn status | Lost status | Source of classification or shelving scheme | Damaged status | Not for loan | Permanent Location | Current Location | Date acquired | Total Checkouts | Full call number | Barcode | Date last seen | Price effective from | Koha item type | Shelving location | Source of acquisition | Materials specified (bound volume or other part) | Checked out | Date last checked out |
|---|---|---|---|---|---|---|---|---|---|---|---|---|---|---|---|---|---|---|
| Central Library (CL) | Central Library (CL) | 06/19/2019 | 951 SHE | CL-D-376 | 06/19/2019 | 06/19/2019 | Book | |||||||||||
| Central Library (CL) | Central Library (CL) | 11/21/2019 | 951 SHE | CL-D-779 | 11/21/2019 | 11/21/2019 | Book | Chinese Studies | Donation | |||||||||
| Central Library (CL) | Central Library (CL) | 10/14/2021 | 951 SHE | CL-D-1266 | 10/14/2021 | 10/14/2021 | Book | Chinese Studies | Donated by Chinese embassy in Pakistan | |||||||||
| Central Library (CL) | Central Library (CL) | 10/14/2021 | 1 | 951 SHE | CL-D-1265 | 01/01/2023 | 10/14/2021 | Book | Donated by Chinese embassy in Pakistan | 01/31/2023 | 01/01/2023 | |||||||
| Central Library (CL) | Central Library (CL) | 11/29/2025 | 951 SHE | CL-D-3120 | 11/29/2025 | 11/29/2025 | Book | Chinese Studies | Donated by China Study Centre (CSC) - S3H NUST | |||||||||
| NUST Law School (NLS) | NUST Law School (NLS) | 07/17/2025 | 951 SHE | NLSD-310 | 07/17/2025 | 07/17/2025 | Book |
